<?xml version="1.0" encoding="UTF-8"?>
<record
    xmlns:xsi="http://www.w3.org/2001/XMLSchema-instance"
    xsi:schemaLocation="http://www.loc.gov/MARC21/slim http://www.loc.gov/standards/marcxml/schema/MARC21slim.xsd"
    xmlns="http://www.loc.gov/MARC21/slim">

  <leader>00280nam a22001097a 4500</leader>
  <controlfield tag="005">20230823145519.0</controlfield>
  <controlfield tag="008">230823b        |||||||| |||| 00| 0 eng d</controlfield>
  <datafield tag="022" ind1=" " ind2=" ">
    <subfield code="a">9770973265003</subfield>
  </datafield>
  <datafield tag="245" ind1=" " ind2=" ">
    <subfield code="a">THE IUP JOURNAL OF ENTREPRENEURSHIP DEVELOPMENT</subfield>
  </datafield>
  <datafield tag="260" ind1=" " ind2=" ">
    <subfield code="a">HYDERABAD</subfield>
    <subfield code="b">IUP</subfield>
  </datafield>
  <datafield tag="942" ind1=" " ind2=" ">
    <subfield code="c">JRL</subfield>
  </datafield>
  <datafield tag="999" ind1=" " ind2=" ">
    <subfield code="c">8413</subfield>
    <subfield code="d">8411</subfield>
  </datafield>
  <datafield tag="952" ind1=" " ind2=" ">
    <subfield code="0">0</subfield>
    <subfield code="1">0</subfield>
    <subfield code="4">0</subfield>
    <subfield code="7">0</subfield>
    <subfield code="a">JRU</subfield>
    <subfield code="b">JRU</subfield>
    <subfield code="c">JRL</subfield>
    <subfield code="d">2023-08-23</subfield>
    <subfield code="e">PURCHASE</subfield>
    <subfield code="h">vol-xvi, no-1 [MAR-2019]</subfield>
    <subfield code="l">0</subfield>
    <subfield code="p">ED0001</subfield>
    <subfield code="r">2023-08-23 00:00:00</subfield>
    <subfield code="w">2023-08-23</subfield>
    <subfield code="y">JRL</subfield>
  </datafield>
  <datafield tag="952" ind1=" " ind2=" ">
    <subfield code="0">0</subfield>
    <subfield code="1">0</subfield>
    <subfield code="4">0</subfield>
    <subfield code="7">0</subfield>
    <subfield code="a">JRU</subfield>
    <subfield code="b">JRU</subfield>
    <subfield code="c">JRL</subfield>
    <subfield code="d">2023-08-23</subfield>
    <subfield code="e">PURCHASE</subfield>
    <subfield code="h">vol-xvi, no-2 [JUN-2019]</subfield>
    <subfield code="l">0</subfield>
    <subfield code="p">ED0002</subfield>
    <subfield code="r">2023-08-23 00:00:00</subfield>
    <subfield code="w">2023-08-23</subfield>
    <subfield code="y">JRL</subfield>
  </datafield>
  <datafield tag="952" ind1=" " ind2=" ">
    <subfield code="0">0</subfield>
    <subfield code="1">0</subfield>
    <subfield code="4">0</subfield>
    <subfield code="7">0</subfield>
    <subfield code="a">JRU</subfield>
    <subfield code="b">JRU</subfield>
    <subfield code="c">JRL</subfield>
    <subfield code="d">2023-08-23</subfield>
    <subfield code="e">PURCHASE</subfield>
    <subfield code="h">vol-xvi, no-3 [SEP-2019]</subfield>
    <subfield code="l">0</subfield>
    <subfield code="p">ED0003</subfield>
    <subfield code="r">2023-08-23 00:00:00</subfield>
    <subfield code="w">2023-08-23</subfield>
    <subfield code="y">JRL</subfield>
  </datafield>
  <datafield tag="952" ind1=" " ind2=" ">
    <subfield code="0">0</subfield>
    <subfield code="1">0</subfield>
    <subfield code="4">0</subfield>
    <subfield code="7">0</subfield>
    <subfield code="a">JRU</subfield>
    <subfield code="b">JRU</subfield>
    <subfield code="c">JRL</subfield>
    <subfield code="d">2023-08-23</subfield>
    <subfield code="e">PURCHASE</subfield>
    <subfield code="h">vol-xvi, no-4 [DEC-2019]</subfield>
    <subfield code="l">0</subfield>
    <subfield code="p">ED0004</subfield>
    <subfield code="r">2023-08-23 00:00:00</subfield>
    <subfield code="w">2023-08-23</subfield>
    <subfield code="y">JRL</subfield>
  </datafield>
  <datafield tag="952" ind1=" " ind2=" ">
    <subfield code="0">0</subfield>
    <subfield code="1">0</subfield>
    <subfield code="4">0</subfield>
    <subfield code="7">0</subfield>
    <subfield code="a">JRU</subfield>
    <subfield code="b">JRU</subfield>
    <subfield code="c">JRL</subfield>
    <subfield code="d">2023-08-23</subfield>
    <subfield code="e">PURCHASE</subfield>
    <subfield code="h">vol-xvii, no-1 [MAR-2020]</subfield>
    <subfield code="l">0</subfield>
    <subfield code="p">ED0005</subfield>
    <subfield code="r">2023-08-23 00:00:00</subfield>
    <subfield code="w">2023-08-23</subfield>
    <subfield code="y">JRL</subfield>
  </datafield>
  <datafield tag="952" ind1=" " ind2=" ">
    <subfield code="0">0</subfield>
    <subfield code="1">0</subfield>
    <subfield code="4">0</subfield>
    <subfield code="7">0</subfield>
    <subfield code="a">JRU</subfield>
    <subfield code="b">JRU</subfield>
    <subfield code="c">JRL</subfield>
    <subfield code="d">2023-08-23</subfield>
    <subfield code="e">PURCHASE</subfield>
    <subfield code="h">vol-18,NO-3[SEP-2021]</subfield>
    <subfield code="l">0</subfield>
    <subfield code="p">ED0006</subfield>
    <subfield code="r">2023-08-23 00:00:00</subfield>
    <subfield code="w">2023-08-23</subfield>
    <subfield code="y">JRL</subfield>
  </datafield>
  <datafield tag="952" ind1=" " ind2=" ">
    <subfield code="0">0</subfield>
    <subfield code="1">0</subfield>
    <subfield code="4">0</subfield>
    <subfield code="7">0</subfield>
    <subfield code="a">JRU</subfield>
    <subfield code="b">JRU</subfield>
    <subfield code="c">JRL</subfield>
    <subfield code="d">2023-08-23</subfield>
    <subfield code="e">PURCHASE</subfield>
    <subfield code="h">vol-20, no-1 [MAR-2023]</subfield>
    <subfield code="l">0</subfield>
    <subfield code="p">ED0007</subfield>
    <subfield code="r">2023-08-23 00:00:00</subfield>
    <subfield code="w">2023-08-23</subfield>
    <subfield code="y">JRL</subfield>
  </datafield>
  <datafield tag="952" ind1=" " ind2=" ">
    <subfield code="0">0</subfield>
    <subfield code="1">0</subfield>
    <subfield code="4">0</subfield>
    <subfield code="7">0</subfield>
    <subfield code="a">JRU</subfield>
    <subfield code="b">JRU</subfield>
    <subfield code="c">JRL</subfield>
    <subfield code="d">2023-09-18</subfield>
    <subfield code="e">PURCHASE</subfield>
    <subfield code="h">VOL-20, NO-2 [JUNE-2023]</subfield>
    <subfield code="l">0</subfield>
    <subfield code="p">ED0008</subfield>
    <subfield code="r">2023-09-18 00:00:00</subfield>
    <subfield code="w">2023-09-18</subfield>
    <subfield code="y">JRL</subfield>
  </datafield>
  <datafield tag="952" ind1=" " ind2=" ">
    <subfield code="0">0</subfield>
    <subfield code="1">0</subfield>
    <subfield code="4">0</subfield>
    <subfield code="7">0</subfield>
    <subfield code="a">JRU</subfield>
    <subfield code="b">JRU</subfield>
    <subfield code="c">JRL</subfield>
    <subfield code="d">2023-12-27</subfield>
    <subfield code="e">PURCHASE</subfield>
    <subfield code="h">VOL-20, ISSUE-03, [SEP-2023]</subfield>
    <subfield code="l">0</subfield>
    <subfield code="p">ED0009</subfield>
    <subfield code="r">2023-12-28 11:28:58</subfield>
    <subfield code="w">2023-12-27</subfield>
    <subfield code="y">JRL</subfield>
  </datafield>
  <datafield tag="952" ind1=" " ind2=" ">
    <subfield code="0">0</subfield>
    <subfield code="1">0</subfield>
    <subfield code="4">0</subfield>
    <subfield code="7">0</subfield>
    <subfield code="8">MANAGEMENT</subfield>
    <subfield code="a">JRU</subfield>
    <subfield code="b">JRU</subfield>
    <subfield code="c">JRL</subfield>
    <subfield code="d">2024-03-11</subfield>
    <subfield code="e">PURCHASE</subfield>
    <subfield code="h">VOI-20, ISSUE-4 [DEC-2023]</subfield>
    <subfield code="l">0</subfield>
    <subfield code="p">ED0010</subfield>
    <subfield code="r">2024-03-11 16:50:47</subfield>
    <subfield code="w">2024-03-11</subfield>
    <subfield code="y">JRL</subfield>
  </datafield>
  <datafield tag="952" ind1=" " ind2=" ">
    <subfield code="0">0</subfield>
    <subfield code="1">0</subfield>
    <subfield code="4">0</subfield>
    <subfield code="7">0</subfield>
    <subfield code="a">JRU</subfield>
    <subfield code="b">JRU</subfield>
    <subfield code="c">JRL</subfield>
    <subfield code="d">2025-12-18</subfield>
    <subfield code="e">PURCHASE</subfield>
    <subfield code="h">VOL-22, NO-03 [JULY-SEP-2025]</subfield>
    <subfield code="l">0</subfield>
    <subfield code="r">2025-12-19 06:08:54</subfield>
    <subfield code="w">2025-12-19</subfield>
    <subfield code="y">JRL</subfield>
  </datafield>
  <datafield tag="952" ind1=" " ind2=" ">
    <subfield code="0">0</subfield>
    <subfield code="1">0</subfield>
    <subfield code="4">0</subfield>
    <subfield code="7">0</subfield>
    <subfield code="a">JRU</subfield>
    <subfield code="b">JRU</subfield>
    <subfield code="c">JRL</subfield>
    <subfield code="d">2026-02-11</subfield>
    <subfield code="e">PURCHASE</subfield>
    <subfield code="h">VOI-22, ISSUE-4 [OCT-DEC-2025]</subfield>
    <subfield code="l">0</subfield>
    <subfield code="p">ED0012</subfield>
    <subfield code="r">2026-02-13 04:35:44</subfield>
    <subfield code="w">2026-02-13</subfield>
    <subfield code="y">JRL</subfield>
  </datafield>
</record>
